Stuttgart Full Squads (2000-) - Statistics

General Stats
  • This quiz has been taken 131 times
  • The average score is 231 of 625
Answer Stats
Year # Pos/Country Answer % Correct
2019-2020 3 MF Wataru Endo
85%
2020-2021 3 MF Wataru Endo
85%
2021-2022 3 MF Wataru Endo
85%
2022-2023 3 MF Wataru Endo
85%
2023-2024 3 MF Wataru Endo
85%
2022-2023 9 FW Serhou Guirassy
82%
2023-2024 9 FW Serhou Guirassy
82%
2003-2004 45 FW Mario Gómez
81%
2004-2005 33 FW Mario Gómez
81%
2005-2006 33 FW Mario Gómez
81%
2006-2007 33 FW Mario Gómez
81%
2007-2008 33 FW Mario Gómez
81%
2008-2009 33 FW Mario Gómez
81%
2017-2018 27 FW Mario Gómez
81%
2018-2019 27 FW Mario Gómez
81%
2019-2020 27 FW Mario Gómez
81%
2024-2025 9 FW Ermedin Demirovic
79%
2023-2024 33 GK Alexander Nübel
78%
2024-2025 33 GK Alexander Nübel
78%
2023-2024 6 MF Angelo Stiller
77%
2024-2025 6 MF Angelo Stiller
77%
2023-2024 26 FW Deniz Undav
74%
2024-2025 26 FW Deniz Undav
74%
2021-2022 37 DF Hiroki Ito
74%
2022-2023 21 DF Hiroki Ito
74%
2023-2024 21 DF Hiroki Ito
74%
2023-2024 7 DF Maximilian Mittelstädt
74%
2024-2025 7 DF Maximilian Mittelstädt
74%
2019-2020 16 MF Atakan Karazor
72%
2020-2021 16 MF Atakan Karazor
72%
2021-2022 16 MF Atakan Karazor
72%
2022-2023 16 MF Atakan Karazor
72%
2023-2024 16 MF Atakan Karazor
72%
2024-2025 16 MF Atakan Karazor
72%
2003-2004 18 FW Cacau
69%
2004-2005 18 FW Cacau
69%
2005-2006 18 FW Cacau
69%
2006-2007 18 FW Cacau
69%
2007-2008 18 FW Cacau
69%
2008-2009 18 FW Cacau
69%
2009-2010 18 FW Cacau
69%
2010-2011 18 FW Cacau
69%
2011-2012 18 FW Cacau
69%
2012-2013 18 FW Cacau
69%
2013-2014 18 FW Cacau
69%
2021-2022 22 FW Chris Führich
68%
2022-2023 22 FW Chris Führich
68%
2023-2024 27 FW Chris Führich
68%
2024-2025 27 FW Chris Führich
68%
2000-2001 1 GK Timo Hildebrand
68%
2001-2002 1 GK Timo Hildebrand
68%
2002-2003 1 GK Timo Hildebrand
68%
2003-2004 1 GK Timo Hildebrand
68%
2004-2005 1 GK Timo Hildebrand
68%
2005-2006 1 GK Timo Hildebrand
68%
2006-2007 1 GK Timo Hildebrand
68%
2020-2021 2 DF Waldemar Anton
68%
2021-2022 2 DF Waldemar Anton
68%
2022-2023 2 DF Waldemar Anton
68%
2023-2024 2 DF Waldemar Anton
68%
2001-2002 15 MF Aleksandr Hleb
65%
2002-2003 15 MF Aleksandr Hleb
65%
2003-2004 15 MF Aleksandr Hleb
65%
2004-2005 10 MF Aleksandr Hleb
65%
2009-2010 23 MF Aleksandr Hleb
65%
2022-2023 8 MF Enzo Millot
65%
2023-2024 8 MF Enzo Millot
65%
2024-2025 8 MF Enzo Millot
65%
2019-2020 14 FW Silas
64%
2020-2021 14 FW Silas
64%
2022-2023 14 FW Silas
64%
2023-2024 14 FW Silas
64%
2021-2022 18 FW Tiago Tomás
64%
2022-2023 10 FW Tiago Tomás
64%
2006-2007 41 GK Michael Langer
63%
2022-2023 4 DF Josha Vagnoman
62%
2023-2024 4 DF Josha Vagnoman
62%
2024-2025 4 DF Josha Vagnoman
62%
2021-2022 1 GK Florian Müller
60%
2022-2023 1 GK Florian Müller
60%
2019-2020 1 GK Gregor Kobel
60%
2020-2021 1 GK Gregor Kobel
60%
2010-2011 7 FW Martin Harnik
60%
2011-2012 7 FW Martin Harnik
60%
2012-2013 7 FW Martin Harnik
60%
2013-2014 7 FW Martin Harnik
60%
2014-2015 7 FW Martin Harnik
60%
2015-2016 7 FW Martin Harnik
60%
2015-2016 1 GK Mitchell Langerak
60%
2016-2017 1 GK Mitchell Langerak
60%
2024-2025 11 FW Nick Woltemade
60%
2006-2007 28 MF Sami Khedira
58%
2007-2008 28 MF Sami Khedira
58%
2008-2009 28 MF Sami Khedira
58%
2009-2010 28 MF Sami Khedira
58%
2007-2008 24 GK Sven Ulreich
58%
2009-2010 24 GK Sven Ulreich
58%
2010-2011 1 GK Sven Ulreich
58%
2011-2012 1 GK Sven Ulreich
58%
2012-2013 1 GK Sven Ulreich
58%
2013-2014 1 GK Sven Ulreich
58%
2014-2015 1 GK Sven Ulreich
58%
2020-2021 5 DF Konstantinos Mavropanos
56%
2021-2022 5 DF Konstantinos Mavropanos
56%
2022-2023 5 DF Konstantinos Mavropanos
56%
2003-2004 21 DF Philipp Lahm
56%
2004-2005 21 DF Philipp Lahm
56%
2013-2014 28 MF Rani Khedira
56%
2011-2012 9 FW Vedad Ibisevic
56%
2012-2013 9 FW Vedad Ibisevic
56%
2013-2014 9 FW Vedad Ibisevic
56%
2014-2015 9 FW Vedad Ibisevic
56%
2022-2023 23 DF Dan-Axel Zagadou
55%
2023-2024 23 DF Dan-Axel Zagadou
55%
2023-2024 18 FW Jamie Leweling
55%
2024-2025 18 FW Jamie Leweling
55%
2019-2020 15 DF Pascal Stenzel
54%
2020-2021 15 DF Pascal Stenzel
54%
2021-2022 15 DF Pascal Stenzel
54%
2022-2023 15 DF Pascal Stenzel
54%
2023-2024 15 DF Pascal Stenzel
54%
2024-2025 15 DF Pascal Stenzel
54%
2019-2020 33 GK Fabian Bredlow
53%
2020-2021 33 GK Fabian Bredlow
53%
2021-2022 33 GK Fabian Bredlow
53%
2022-2023 33 GK Fabian Bredlow
53%
2023-2024 1 GK Fabian Bredlow
53%
2024-2025 1 GK Fabian Bredlow
53%
2018-2019 22 FW Nico González
53%
2019-2020 22 FW Nico González
53%
2020-2021 22 FW Nico González
53%
2021-2022 17 FW Omar Marmoush
53%
2013-2014 19 FW Timo Werner
53%
2014-2015 19 FW Timo Werner
53%
2015-2016 19 FW Timo Werner
53%
2012-2013 44 MF Alexandru Maxim
51%
2013-2014 44 MF Alexandru Maxim
51%
2014-2015 44 MF Alexandru Maxim
51%
2015-2016 44 MF Alexandru Maxim
51%
2016-2017 10 MF Alexandru Maxim
51%
2018-2019 24 MF Borna Sosa
51%
2019-2020 24 MF Borna Sosa
51%
2020-2021 24 MF Borna Sosa
51%
2021-2022 24 MF Borna Sosa
51%
2022-2023 24 MF Borna Sosa
51%
2023-2024 24 MF Borna Sosa
51%
2008-2009 1 GK Jens Lehmann
51%
2009-2010 1 GK Jens Lehmann
51%
2016-2017 17 FW Tobias Werner
51%
2006-2007 15 DF Arthur Boka
50%
2007-2008 15 DF Arthur Boka
50%
2008-2009 15 DF Arthur Boka
50%
2009-2010 15 DF Arthur Boka
50%
2010-2011 15 DF Arthur Boka
50%
2011-2012 15 DF Arthur Boka
50%
2012-2013 15 DF Arthur Boka
50%
2013-2014 15 DF Arthur Boka
50%
2004-2005 40 MF Christian Gentner
50%
2005-2006 40 MF Christian Gentner
50%
2006-2007 22 MF Christian Gentner
50%
2010-2011 20 MF Christian Gentner
50%
2011-2012 20 MF Christian Gentner
50%
2012-2013 20 MF Christian Gentner
50%
2013-2014 20 MF Christian Gentner
50%
2014-2015 20 MF Christian Gentner
50%
2015-2016 20 MF Christian Gentner
50%
2016-2017 20 MF Christian Gentner
50%
2017-2018 20 MF Christian Gentner
50%
2018-2019 20 MF Christian Gentner
50%
2024-2025 10 FW El Bilal Touré
50%
2024-2025 3 DF Ramon Hendriks
50%
2007-2008 20 FW Ciprian Marica
49%
2008-2009 9 FW Ciprian Marica
49%
2009-2010 9 FW Ciprian Marica
49%
2010-2011 9 FW Ciprian Marica
49%
2014-2015 18 MF Filip Kostić
49%
2015-2016 18 MF Filip Kostić
49%
2024-2025 24 DF Jeff Chabot
49%
2000-2001 10 MF Krasimir Balakov
49%
2001-2002 10 MF Krasimir Balakov
49%
2002-2003 10 MF Krasimir Balakov
49%
2014-2015 17 GK Odysseas Vlachodimos
49%
2015-2016 17 GK Odysseas Vlachodimos
49%
2023-2024 10 MF Woo-yeong Jeong
49%
2001-2002 6 DF Fernando Meira
47%
2002-2003 6 DF Fernando Meira
47%
2003-2004 6 DF Fernando Meira
47%
2004-2005 6 DF Fernando Meira
47%
2005-2006 6 DF Fernando Meira
47%
2006-2007 6 DF Fernando Meira
47%
2007-2008 6 DF Fernando Meira
47%
2023-2024 20 DF Leonidas Stergiou
47%
2024-2025 20 DF Leonidas Stergiou
47%
2019-2020 9 FW Sasa Kalajdzic
47%
2020-2021 9 FW Sasa Kalajdzic
47%
2021-2022 9 FW Sasa Kalajdzic
47%
2022-2023 9 FW Sasa Kalajdzic
47%
2005-2006 11 MF Thomas Hitzlsperger
47%
2006-2007 11 MF Thomas Hitzlsperger
47%
2007-2008 11 MF Thomas Hitzlsperger
47%
2008-2009 11 MF Thomas Hitzlsperger
47%
2009-2010 11 MF Thomas Hitzlsperger
47%
2016-2017 21 DF Benjamin Pavard
46%
2017-2018 21 DF Benjamin Pavard
46%
2018-2019 21 DF Benjamin Pavard
46%
2010-2011 26 MF Daniel Didavi
46%
2012-2013 10 MF Daniel Didavi
46%
2013-2014 10 MF Daniel Didavi
46%
2014-2015 10 MF Daniel Didavi
46%
2015-2016 10 MF Daniel Didavi
46%
2018-2019 10 MF Daniel Didavi
46%
2019-2020 10 MF Daniel Didavi
46%
2020-2021 10 MF Daniel Didavi
46%
2021-2022 10 MF Daniel Didavi
46%
2023-2024 5 MF Mahmoud Dahoud
46%
2014-2015 26 MF Geoffroy Serey Dié
45%
2015-2016 26 MF Geoffroy Serey Dié
45%
2004-2005 17 DF Matthieu Delpierre
45%
2005-2006 17 DF Matthieu Delpierre
45%
2006-2007 17 DF Matthieu Delpierre
45%
2007-2008 17 DF Matthieu Delpierre
45%
2008-2009 17 DF Matthieu Delpierre
45%
2009-2010 17 DF Matthieu Delpierre
45%
2010-2011 17 DF Matthieu Delpierre
45%
2011-2012 17 DF Matthieu Delpierre
45%
2006-2007 3 DF Ricardo Osorio
45%
2007-2008 3 DF Ricardo Osorio
45%
2008-2009 3 DF Ricardo Osorio
45%
2009-2010 3 DF Ricardo Osorio
45%
2017-2018 16 GK Ron-Robert Zieler
45%
2018-2019 1 GK Ron-Robert Zieler
45%
2011-2012 2 DF Gotoku Sakai
44%
2012-2013 2 DF Gotoku Sakai
44%
2013-2014 2 DF Gotoku Sakai
44%
2014-2015 2 DF Gotoku Sakai
44%
2011-2012 16 FW Ibrahima Traoré
44%
2012-2013 16 FW Ibrahima Traoré
44%
2013-2014 16 FW Ibrahima Traoré
44%
2017-2018 34 FW Jacob Bruun Larsen
44%
2024-2025 25 FW Jacob Bruun Larsen
44%
2005-2006 10 FW Jon Dahl Tomasson
44%
2006-2007 10 FW Jon Dahl Tomasson
44%
2015-2016 22 GK Przemyslaw Tyton
44%
2010-2011 31 FW Shinji Okazaki
44%
2011-2012 31 FW Shinji Okazaki
44%
2012-2013 31 FW Shinji Okazaki
44%
2005-2006 32 DF Andreas Beck
42%
2006-2007 32 DF Andreas Beck
42%
2007-2008 2 DF Andreas Beck
42%
2017-2018 32 DF Andreas Beck
42%
2018-2019 32 DF Andreas Beck
42%
2000-2001 26 DF Andreas Hinkel
42%
2001-2002 2 DF Andreas Hinkel
42%
2002-2003 2 DF Andreas Hinkel
42%
2003-2004 2 DF Andreas Hinkel
42%
2004-2005 2 DF Andreas Hinkel
42%
2005-2006 2 DF Andreas Hinkel
42%
2006-2007 25 MF Antônio da Silva
42%
2007-2008 25 MF Antônio da Silva
42%
2017-2018 23 MF Orel Mangala
42%
2019-2020 23 MF Orel Mangala
42%
2020-2021 23 MF Orel Mangala
42%
2021-2022 23 MF Orel Mangala
42%
2017-2018 6 MF Santiago Ascacíbar
42%
2018-2019 6 MF Santiago Ascacíbar
42%
2019-2020 6 MF Santiago Ascacíbar
42%
2024-2025 5 MF Yannik Keitel
42%
2024-2025 45 DF Anrie Chase
41%
2023-2024 29 DF Anthony Rouault
41%
2024-2025 29 DF Anthony Rouault
41%
2001-2002 22 FW Kevin Kuranyi
41%
2002-2003 22 FW Kevin Kuranyi
41%
2003-2004 22 FW Kevin Kuranyi
41%
2004-2005 22 FW Kevin Kuranyi
41%
2006-2007 35 DF Serdar Taşçı
41%
2007-2008 5 DF Serdar Taşçı
41%
2008-2009 5 DF Serdar Taşçı
41%
2009-2010 5 DF Serdar Taşçı
41%
2010-2011 5 DF Serdar Taşçı
41%
2011-2012 5 DF Serdar Taşçı
41%
2012-2013 5 DF Serdar Taşçı
41%
2013-2014 5 DF Serdar Taşçı
41%
2022-2023 17 MF Genki Haraguchi
40%
2018-2019 8 MF Gonzalo Castro
40%
2019-2020 8 MF Gonzalo Castro
40%
2020-2021 8 MF Gonzalo Castro
40%
2008-2009 4 DF Khalid Boulahrouz
40%
2009-2010 4 DF Khalid Boulahrouz
40%
2010-2011 21 DF Khalid Boulahrouz
40%
2011-2012 21 DF Khalid Boulahrouz
40%
2006-2007 13 MF Pável Pardo
40%
2007-2008 13 MF Pável Pardo
40%
2008-2009 13 MF Pável Pardo
40%
2006-2007 19 DF Roberto Hilbert
40%
2007-2008 19 DF Roberto Hilbert
40%
2008-2009 19 DF Roberto Hilbert
40%
2009-2010 19 DF Roberto Hilbert
40%
2020-2021 7 FW Tanguy Coulibaly
40%
2021-2022 7 FW Tanguy Coulibaly
40%
2022-2023 7 FW Tanguy Coulibaly
40%
2009-2010 32 MF Zdravko Kuzmanovic
40%
2010-2011 8 MF Zdravko Kuzmanovic
40%
2011-2012 8 MF Zdravko Kuzmanovic
40%
2012-2013 8 MF Zdravko Kuzmanovic
40%
2024-2025 2 DF Ameen Al-Dakhil
38%
2011-2012 30 DF Antonio Rüdiger
38%
2012-2013 24 DF Antonio Rüdiger
38%
2013-2014 24 DF Antonio Rüdiger
38%
2014-2015 24 DF Antonio Rüdiger
38%
2009-2010 21 DF Cristian Molinaro
38%
2010-2011 3 DF Cristian Molinaro
38%
2011-2012 3 DF Cristian Molinaro
38%
2012-2013 21 DF Cristian Molinaro
38%
2013-2014 21 DF Cristian Molinaro
38%
2020-2021 31 MF Mateo Klimowicz
38%
2021-2022 31 MF Mateo Klimowicz
38%
2015-2016 2 DF Emiliano Insúa
37%
2016-2017 2 DF Emiliano Insúa
37%
2017-2018 2 DF Emiliano Insúa
37%
2018-2019 2 DF Emiliano Insúa
37%
2019-2020 2 DF Emiliano Insúa
37%
2005-2006 21 DF Ludovic Magnin
37%
2006-2007 21 DF Ludovic Magnin
37%
2007-2008 21 DF Ludovic Magnin
37%
2008-2009 21 DF Ludovic Magnin
37%
2009-2010 21 DF Ludovic Magnin
37%
2021-2022 28 MF Nikolas Nartey
37%
2022-2023 28 MF Nikolas Nartey
37%
2011-2012 4 MF William Kvist
37%
2012-2013 4 MF William Kvist
37%
2013-2014 4 MF William Kvist
37%
2024-2025 32 FW Fabian Rieder
36%
2024-2025 29 DF Finn Jeltsch
36%
2000-2001 20 MF Zvonimir Soldo
36%
2001-2002 20 MF Zvonimir Soldo
36%
2002-2003 20 MF Zvonimir Soldo
36%
2003-2004 20 MF Zvonimir Soldo
36%
2004-2005 20 MF Zvonimir Soldo
36%
2005-2006 20 MF Zvonimir Soldo
36%
2014-2015 16 DF Florian Klein
35%
2015-2016 16 DF Florian Klein
35%
2016-2017 16 DF Florian Klein
35%
2008-2009 6 DF Georg Niedermeier
35%
2009-2010 6 DF Georg Niedermeier
35%
2010-2011 6 DF Georg Niedermeier
35%
2011-2012 6 DF Georg Niedermeier
35%
2012-2013 6 DF Georg Niedermeier
35%
2013-2014 6 DF Georg Niedermeier
35%
2014-2015 6 DF Georg Niedermeier
35%
2015-2016 6 DF Georg Niedermeier
35%
2017-2018 28 DF Holger Badstuber
35%
2018-2019 28 DF Holger Badstuber
35%
2019-2020 28 DF Holger Badstuber
35%
2018-2019 18 DF Ozan Kabak
35%
2009-2010 29 FW Pavel Pogrebnyak
35%
2010-2011 29 FW Pavel Pogrebnyak
35%
2011-2012 29 FW Pavel Pogrebnyak
35%
2007-2008 1 GK Raphael Schäfer
35%
2014-2015 32 DF Timo Baumgartl
35%
2015-2016 5 DF Timo Baumgartl
35%
2016-2017 5 DF Timo Baumgartl
35%
2017-2018 5 DF Timo Baumgartl
35%
2018-2019 5 DF Timo Baumgartl
35%
2008-2009 35 MF Christian Träsch
32%
2009-2010 35 MF Christian Träsch
32%
2010-2011 35 MF Christian Träsch
32%
2014-2015 33 FW Daniel Ginczek
32%
2015-2016 33 FW Daniel Ginczek
32%
2016-2017 33 FW Daniel Ginczek
32%
2017-2018 33 FW Daniel Ginczek
32%
2013-2014 3 DF Daniel Schwaab
32%
2014-2015 3 DF Daniel Schwaab
32%
2015-2016 3 DF Daniel Schwaab
32%
2024-2025 13 MF Frans Krätzig
32%
2016-2017 35 DF Marcin Kaminski
32%
2017-2018 35 DF Marcin Kaminski
32%
2019-2020 35 DF Marcin Kaminski
32%
2020-2021 35 DF Marcin Kaminski
32%
2017-2018 14 FW Anastasios Donis
31%
2018-2019 11 FW Anastasios Donis
31%
2010-2011 28 MF Tamás Hajnal
31%
2011-2012 28 MF Tamás Hajnal
31%
2012-2013 30 MF Tamás Hajnal
31%
2016-2017 15 FW Carlos Mané
29%
2000-2001 5 DF Marcelo Bordon
29%
2001-2002 5 DF Marcelo Bordon
29%
2002-2003 5 DF Marcelo Bordon
29%
2003-2004 5 DF Marcelo Bordon
29%
2008-2009 16 MF Sebastian Rudy
29%
2009-2010 16 MF Sebastian Rudy
29%
2016-2017 11 FW Takuma Asano
29%
2017-2018 11 FW Takuma Asano
29%
2017-2018 19 FW Chadrac Akolo
28%
2018-2019 19 FW Chadrac Akolo
28%
2022-2023 25 MF Lilian Egloff
28%
2023-2024 25 MF Lilian Egloff
28%
2016-2017 9 FW Simon Terodde
28%
2017-2018 9 FW Simon Terodde
28%
2019-2020 30 MF Roberto Massimo
27%
2020-2021 30 MF Roberto Massimo
27%
2021-2022 30 MF Roberto Massimo
27%
2023-2024 32 MF Roberto Massimo
27%
2007-2008 10 MF Yıldıray Baştürk
27%
2008-2009 10 MF Yıldıray Baştürk
27%
2016-2017 31 MF Berkay Özcan
26%
2017-2018 31 MF Berkay Özcan
26%
2018-2019 31 MF Berkay Özcan
26%
2019-2020 19 FW Darko Churlinov
26%
2020-2021 19 FW Darko Churlinov
26%
2017-2018 3 DF Dennis Aogo
26%
2018-2019 3 DF Dennis Aogo
26%
2010-2011 16 MF Mauro Camoranesi
26%
2020-2021 32 MF Naouirou Ahamada
26%
2022-2023 32 MF Naouirou Ahamada
26%
2016-2017 24 FW Josip Brekalo
24%
2017-2018 7 FW Josip Brekalo
24%
2008-2009 39 FW Julian Schieber
24%
2009-2010 39 FW Julian Schieber
24%
2011-2012 23 FW Julian Schieber
24%
2003-2004 9 FW Marco Streller
24%
2004-2005 9 FW Marco Streller
24%
2005-2006 9 FW Marco Streller
24%
2006-2007 9 FW Marco Streller
24%
2002-2003 11 FW Ioannis Amanatidis
23%
2003-2004 11 FW Ioannis Amanatidis
23%
2013-2014 5 DF Karim Haggui
23%
2018-2019 4 DF Marc Oliver Kempf
23%
2019-2020 4 DF Marc Oliver Kempf
23%
2020-2021 4 DF Marc Oliver Kempf
23%
2021-2022 4 DF Marc Oliver Kempf
23%
2019-2020 20 MF Philipp Förster
23%
2020-2021 20 MF Philipp Förster
23%
2021-2022 20 MF Philipp Förster
23%
2015-2016 23 FW Artem Kravets
22%
2000-2001 14 DF Thomas Schneider
22%
2002-2003 14 DF Thomas Schneider
22%
2022-2023 31 FW Gil Dias
21%
2016-2017 6 DF Jean Zimmer
21%
2022-2023 11 FW Juan José Perea
21%
2016-2017 37 MF Julian Green
21%
2004-2005 5 DF Markus Babbel
21%
2005-2006 5 DF Markus Babbel
21%
2006-2007 5 DF Markus Babbel
21%
2013-2014 11 MF Carlos Gruezo
19%
2014-2015 11 MF Carlos Gruezo
19%
2011-2012 14 DF Francisco Rodríguez
19%
2012-2013 14 DF Francisco Rodríguez
19%
2023-2024 19 FW Jovan Milosevic
19%
2013-2014 34 DF Konstantin Rausch
19%
2014-2015 34 DF Konstantin Rausch
19%
2013-2014 25 FW Mohammed Abdellaoue
19%
2014-2015 13 MF Oriol Romeu
19%
2019-2020 21 MF Philipp Klement
19%
2020-2021 21 MF Philipp Klement
19%
2021-2022 21 MF Philipp Klement
19%
2019-2020 18 FW Hamadi Al-Ghaddioui
18%
2020-2021 18 FW Hamadi Al-Ghaddioui
18%
2021-2022 18 FW Hamadi Al-Ghaddioui
18%
2002-2003 19 MF Horst Heldt
18%
2003-2004 16 MF Horst Heldt
18%
2004-2005 16 MF Horst Heldt
18%
2005-2006 16 MF Horst Heldt
18%
2003-2004 19 FW Imre Szabics
18%
2004-2005 19 FW Imre Szabics
18%
2000-2001 11 FW Ionel Ganea
18%
2001-2002 9 FW Ionel Ganea
18%
2002-2003 9 FW Ionel Ganea
18%
2003-2004 8 MF Jurica Vranjes
18%
2004-2005 8 MF Jurica Vranjes
18%
2022-2023 20 FW Luca Pfeiffer
18%
2013-2014 8 MF Moritz Leitner
18%
2014-2015 8 MF Moritz Leitner
18%
2018-2019 7 DF Pablo Maffeo
18%
2007-2008 39 FW Sergiu Radu
18%
2000-2001 7 MF Silvio Meißner
18%
2001-2002 7 MF Silvio Meißner
18%
2002-2003 7 MF Silvio Meißner
18%
2003-2004 7 MF Silvio Meißner
18%
2004-2005 7 MF Silvio Meißner
18%
2005-2006 7 MF Silvio Meißner
18%
2006-2007 7 MF Silvio Meißner
18%
2007-2008 7 MF Silvio Meißner
18%
2018-2019 9 MF Steven Zuber
18%
2018-2019 14 FW Alexander Esswein
17%
2016-2017 8 MF Anto Grgic
17%
2003-2004 11 MF Hakan Yakin
17%
2004-2005 11 MF Hakan Yakin
17%
2004-2005 3 DF Martin Stranzl
17%
2005-2006 3 DF Martin Stranzl
17%
2015-2016 37 MF Matthias Zimmermann
17%
2016-2017 25 MF Matthias Zimmermann
17%
2017-2018 25 MF Matthias Zimmermann
17%
2006-2007 14 MF Alexander Farnerud
15%
2007-2008 8 MF Alexander Farnerud
15%
2006-2007 16 FW Benjamin Lauth
15%
2005-2006 38 FW Danijel Ljuboja
15%
2008-2009 38 FW Danijel Ljuboja
15%
2010-2011 38 DF Ermin Bicakcic
15%
2000-2001 12 DF Heiko Gerber
15%
2001-2002 12 DF Heiko Gerber
15%
2002-2003 12 DF Heiko Gerber
15%
2003-2004 12 DF Heiko Gerber
15%
2004-2005 12 DF Heiko Gerber
15%
2005-2006 12 DF Heiko Gerber
15%
2015-2016 4 DF Toni Sunjic
15%
2016-2017 4 DF Toni Sunjic
15%
2014-2015 21 DF Adam Hlousek
14%
2015-2016 21 DF Adam Hlousek
14%
2017-2018 29 DF Aílton
14%
2000-2001 16 DF Bradley Carnell
14%
2001-2002 16 DF Bradley Carnell
14%
2002-2003 16 DF Bradley Carnell
14%
2000-2001 13 MF Christian Tiffert
14%
2001-2002 13 MF Christian Tiffert
14%
2002-2003 13 MF Christian Tiffert
14%
2003-2004 13 MF Christian Tiffert
14%
2004-2005 13 MF Christian Tiffert
14%
2005-2006 13 MF Christian Tiffert
14%
2005-2006 22 FW Jesper Grønkjaer
14%
2015-2016 15 DF Kevin Großkreutz
14%
2016-2017 19 DF Kevin Großkreutz
14%
2019-2020 5 DF Nat Phillips
14%
2012-2013 26 MF Raphael Holzhauser
14%
2000-2001 36 FW Sean Dundee
14%
2001-2002 36 FW Sean Dundee
14%
2002-2003 18 FW Sean Dundee
14%
2009-2010 27 DF Stefano Celozzi
14%
2010-2011 27 DF Stefano Celozzi
14%
2011-2012 27 DF Stefano Celozzi
14%
2008-2009 13 MF Timo Gebhart
14%
2009-2010 13 MF Timo Gebhart
14%
2010-2011 13 MF Timo Gebhart
14%
2011-2012 13 MF Timo Gebhart
14%
2012-2013 17 FW Tunay Torun
14%
2019-2020 6 DF Clinton Mola
13%
2003-2004 23 GK Dirk Heinen
13%
2004-2005 23 GK Dirk Heinen
13%
2005-2006 23 GK Dirk Heinen
13%
2004-2005 15 MF Élson
13%
2008-2009 25 MF Élson
13%
2009-2010 25 MF Élson
13%
2010-2011 25 MF Élson
13%
2007-2008 9 FW Ewerthon
13%
2015-2016 8 MF Lukas Rupp
13%
2018-2019 36 MF Nunoo Sarpei
13%
2010-2011 2 DF Philipp Degen
13%
2013-2014 22 GK Thorsten Kirschbaum
13%
2014-2015 22 GK Thorsten Kirschbaum
13%
2000-2001 19 FW Adhemar
12%
2001-2002 19 FW Adhemar
12%
2021-2022 50 FW Alexis Tibidi
12%
2003-2004 3 DF Boris Zivkovic
12%
2004-2005 4 DF Boris Zivkovic
12%
2005-2006 4 DF Boris Zivkovic
12%
2016-2017 22 MF Ebenezer Ofori
12%
2017-2018 22 MF Ebenezer Ofori
12%
2017-2018 17 MF Erik Thommy
12%
2018-2019 17 MF Erik Thommy
12%
2020-2021 11 MF Erik Thommy
12%
2021-2022 11 MF Erik Thommy
12%
2015-2016 39 FW Jan Kliment
12%
2007-2008 40 MF Julian Schuster
12%
2008-2009 7 MF Martin Lanig
12%
2000-2001 4 DF Rui Marques
12%
2001-2002 4 DF Rui Marques
12%
2002-2003 4 DF Rui Marques
12%
2001-2002 24 GK Thomas Ernst
12%
2002-2003 21 GK Thomas Ernst
12%
2005-2006 8 MF Daniel Bierofka
10%
2006-2007 8 MF Daniel Bierofka
10%
2017-2018 24 MF Dzenis Burnic
10%
2012-2013 3 DF Felipe Lopes
10%
2008-2009 8 MF Jan Simak
10%
2009-2010 8 MF Jan Simak
10%
2000-2001 22 MF Krisztián Lisztes
10%
2010-2011 24 MF Mamadou Bah
10%
2015-2016 14 DF Philip Heise
10%
2016-2017 41 DF Stephen Sama
10%
2018-2019 23 DF Antonis Aidonis
9%
2003-2004 14 MF Emanuel Centurión
9%
2004-2005 14 MF Emanuel Centurión
9%
2012-2013 14 FW Federico Macheda
9%
2016-2017 7 MF Hajime Hosogai
9%
2014-2015 42 FW Jerome Kiesewetter
9%
2002-2003 25 MF Michael Mutzel
9%
2014-2015 23 MF Sercan Sararer
9%
2000-2001 27 DF Timo Wenzel
9%
2001-2002 3 DF Timo Wenzel
9%
2002-2003 3 DF Timo Wenzel
9%
2003-2004 3 DF Timo Wenzel
9%
2008-2009 12 GK Alexander Stolz
8%
2012-2013 12 DF Benedikt Röcker
8%
2013-2014 12 DF Benedikt Röcker
8%
2006-2007 24 MF Bernd Nehrig
8%
2015-2016 34 MF Boris Tashchy
8%
2016-2017 34 MF Boris Tashchy
8%
2011-2012 36 FW Christoph Hemlein
8%
2000-2001 6 MF Pablo Thiam
8%
2011-2012 34 DF Patrick Bauer
8%
2000-2001 33 MF Roberto Pinto
8%
2012-2013 23 DF Tim Hoogland
8%
2007-2008 4 DF Gledson
6%
2000-2001 17 FW Jochen Seitz
6%
2001-2002 17 FW Jochen Seitz
6%
2002-2003 17 FW Jochen Seitz
6%
2000-2001 7 MF Kristijan Djordjevic
6%
2007-2008 42 DF Marco Pischorn
6%
2005-2006 14 MF Mario Carevic
6%
2000-2001 32 MF Rüdiger Kauf
6%
2003-2004 33 DF Serge Branco
6%
2000-2001 23 FW Ahmed Salah Hosny
5%
2000-2001 8 MF Jens Todt
5%
2001-2002 8 MF Jens Todt
5%
2002-2003 8 MF Jens Todt
5%
2000-2001 21 DF Jochen Endreß
5%
2001-2002 21 DF Jochen Endreß
5%
2003-2004 35 DF Markus Husterer
5%
2001-2002 44 DF Michael Rundio
5%
2002-2003 44 DF Michael Rundio
5%
2010-2011 14 MF Patrick Funk
5%
2001-2002 26 MF Robert Vujevic
5%
2000-2001 3 DF Stefan Blank
5%
2002-2003 29 DF Steffen Dangelmayr
5%
2001-2002 33 FW Steffen Handschuh
5%
2001-2002 43 DF Steffen Kocholl
5%
No matching quizzes found
Score Distribution
Percent of People with Each Score
Percentile by Number Answered
Your Score History
You have not taken this quiz